Plant pathology: Problems and progresses 1908-1958 (Record no. 19342)

MARC details
000 -LEADER
fixed length control field 00370nam a2200133Ia 4500
082 ## - DEWEY DECIMAL CLASSIFICATION NUMBER
Classification number 581.2
Item number HOL
245 #0 - TITLE STATEMENT
Title Plant pathology: Problems and progresses 1908-1958
260 ## - PUBLICATION, DISTRIBUTION, ETC. (IMPRINT)
Place of publication Wisconsin
Name of publisher University
Year of publication 1959
650 ## - SUBJECT ADDED ENTRY--TOPICAL TERM
Topical Term Disease resistance mechanism
650 ## - SUBJECT ADDED ENTRY--TOPICAL TERM
Topical Term Plant Pathology
700 ## - ADDED ENTRY--PERSONAL NAME
Personal name HOLTON, C S
942 ## - ADDED ENTRY ELEMENTS (KOHA)
Koha item type Books
Holdings
Withdrawn status Lost status Damaged status Not for loan Home library Current library Date acquired Full call number Accession Number Koha item type
        RRII Library RRII Library 16/12/2021 581.2 HOL 00079 Books